000 00357 a2200145 4500
999 _c11974
_d11974
003 OSt
005 20231229183048.0
008 231229b ||||| |||| 00| 0 eng d
020 _a9788968010385
082 _a720.71
100 _aWoofter
245 _aDamdi Academic Series 6:
_b3 stages of architectural education
260 _bDamdi
_c2013
942 _2ddc